000 00318nam a2200133 a 4500
008 101210s1960|||| d
041 _arus
044 _aRU
100 1 _aKuznetsov, Y.- Nikulin, N.
700 1 _aRusakov, Y.
260 _aLenigrad
_bSovietskij chudožník
_c1960
245 1 0 _aErmitáž
020 _c10
999 _c14082
_d14082